000 00269nam a22001097a 4500
008 170123b xxu||||| |||| 00| 0 eng d
020 _a9780803628335
041 _aeng
080 _210TH
_a618.2
245 _aDAIVS, 'S DRUG GUIDE FOR NURSES
_cDEGLIN, J.H
942 _2udc
_cBK
999 _c3363
_d3363